Bundesliga Torhüter 24/25 - Statistiken

Allgemein
  • Dieses Quiz wurde 75 mal gespielt
  • Das Durchschnittsergebnis liegt bei 17 aus 24
Antwortstatistiken
Bildquiz Antwort % Korrekt
Manuel Neuer
100%
Kevin Trapp
96%
Lukas Hradecky
92%
Gregor Kobel
90%
Oliver Baumann
90%
Alexander Nübel
89%
Peter Gulacsi
85%
Daniel Peretz
82%
Robin Zentner
82%
Frederik Rönnow
80%
Kevin Müller
76%
Matej Kovar
72%
Noah Atubolu
70%
Moritz Nicolas
69%
Jonas Omlin
68%
Kaua Santos
68%
Michael Zetterer
68%
Kamil Grabara
65%
Florian Müller
61%
Patrick Drewes
52%
Nikola Vasilj
49%
Nediljko Labrovic
41%
Timon Weiner
41%
Marten Vandevoordt
28%
Keine übereinstimmenden Quizze gefunden
Verteilung der Resultate
Anzahl Personen mit jedem Resultat
Perzentil nach korrekt beantworteten Fragen
Ihre Resultats-Entwicklung
Sie haben dieses Quiz noch nicht gespielt